[Event "ESP-ch Amateurs U2000"]
[Site "Murcia"]
[Date "2022.09.03"]
[Round "7.2"]
[White "Navarro Rico, Lluis"]
[Black "Hernando Santiago, Alberto"]
[Result "1-0"]
[WhiteElo "1892"]
[BlackElo "1824"]
[PlyCount "115"]
[EventDate "2022.08.30"]
[EventType "swiss"]
[EventRounds "7"]
[EventCountry "ESP"]
[SourceTitle "EXT 2024"]
[Source "ChessBase"]
[SourceDate "2023.10.10"]
[SourceVersion "1"]
[SourceVersionDate "2023.10.10"]
[SourceQuality "1"]

1. c4 c6 2. g3 d5 3. Nf3 Nf6 4. Bg2 Bf5 5. Qb3 Qb6 6. d3 e6 7. Be3 Qxb3 8. axb3 a6 9. Nc3 h6 10. cxd5 Nxd5 11. Nxd5 exd5 12. Nd4 Bb4+ 13. Kd1 Be6 14. f4 g6 15. Rf1 Nd7 16. f5 gxf5 17. Nxf5 Bxf5 18. Rxf5 Nc5 19. Kc2 Ne6 20. Raf1 Rh7 21. Rh5 0-0-0 22. Bh3 Kd7 23. Bf5 Rhh8 24. Bd4 Ke7 25. Bxe6 Kxe6 26. Bxh8 Rxh8 27. Rhf5 Rh7 28. g4 Bd6 29. Rh5 f6 30. h4 Be7 31. Rf4 Bd6 32. Rf3 Be7 33. Rf4 Bd6 34. Rf2 Be7 35. Rg2 Kf7 36. g5 fxg5 37. hxg5 Kg6 38. Rxh6+ Rxh6 39. gxh6+ Kxh6 40. Rg8 Bc5 41. e4 dxe4 42. dxe4 Bd4 43. b4 b6 44. b3 c5 45. Kd3 Bf2 46. Ke2 Bd4 47. bxc5 Bxc5 48. Kf3 Kh7 49. Rg2 Bd6 50. Rd2 Bc5 51. Kg4 Kg6 52. Kf4 Kf6 53. e5+ Ke6 54. Ke4 a5 55. Rh2 Bf8 56. Rh8 Bg7 57. Rb8 Bxe5 58. Re8+ 1-0

[Event "ESP-ch Amateurs U2000"]
[Site "Murcia"]
[Date "2022.09.01"]
[Round "5.4"]
[White "Sampedro Barrios, Pablo"]
[Black "Navarro Rico, Lluis"]
[Result "0-1"]
[WhiteElo "1915"]
[BlackElo "1892"]
[PlyCount "98"]
[EventDate "2022.08.30"]
[EventType "swiss"]
[EventRounds "7"]
[EventCountry "ESP"]
[SourceTitle "EXT 2024"]
[Source "ChessBase"]
[SourceDate "2023.10.10"]
[SourceVersion "1"]
[SourceVersionDate "2023.10.10"]
[SourceQuality "1"]

1. e4 e6 2. c4 d5 3. exd5 exd5 4. d4 Nf6 5. Nc3 Be6 6. cxd5 Nxd5 7. Nf3 Be7 8. Bb5+ c6 9. Bd3 Nd7 10. 0-0 0-0 11. Ne4 Bg4 12. Ng3 Bf6 13. Be4 Qa5 14. Qd3 g6 15. h3 Bxf3 16. Bxf3 Rfe8 17. Ne4 Bg7 18. Nd6 Re6 19. Nxb7 Qb6 20. Nc5 Nxc5 21. dxc5 Qxc5 22. Bxd5 Qxd5 23. Qxd5 cxd5 24. Rd1 Re2 25. Rb1 d4 26. Kf1 Rc2 27. Bf4 Rac8 28. Rdc1 d3 29. Rd1 Rd8 30. Rd2 Bd4 31. a3 f6 32. h4 Rd5 33. Rbd1 Rxb2 34. Bg3 Rxd2 35. Rxd2 Bc3 36. Rd1 a5 37. f3 a4 38. Bf4 Kf7 39. Bd2 Rc5 40. Be3 Rd5 41. Bd2 Be5 42. Bb4 Bg3 43. Be1 Bd6 44. Bd2 Ke6 45. Bc1 Bg3 46. h5 Rxh5 47. Rxd3 Rh1+ 48. Ke2 Rxc1 49. Rd4 Rc2+ 0-1

[Event "ESP-ch U18"]
[Site "Salobrena"]
[Date "2019.07.25"]
[Round "6"]
[White "Torrents Busquet, Marti"]
[Black "Navarro Rico, Lluis"]
[Result "1/2-1/2"]
[WhiteElo "2042"]
[BlackElo "1886"]
[PlyCount "93"]
[EventDate "2019.07.22"]
[EventType "swiss"]
[EventRounds "9"]
[EventCountry "ESP"]
[SourceTitle "CBM 191 Extra"]
[Source "ChessBase"]
[SourceDate "2019.09.30"]
[SourceVersion "1"]
[SourceVersionDate "2019.09.30"]
[SourceQuality "1"]

1. e4 c5 2. Nf3 g6 3. d4 cxd4 4. Qxd4 Nf6 5. Nc3 Nc6 6. Qa4 Bg7 7. e5 Ng8 8. Bf4 Nh6 9. 0-0-0 Ng4 10. e6 Qa5 11. exf7+ Kf8 12. Qxa5 Nxa5 13. Bg3 d6 14. h3 Nh6 15. Bb5 a6 16. Bd3 Bf5 17. Rhe1 e5 18. Ng5 Bf6 19. Bh4 Kg7 20. g4 Bxd3 21. Rxd3 Bxg5+ 22. Bxg5 Nxf7 23. Be7 Nc4 24. b3 Rhe8 25. Nd5 Rxe7 26. bxc4 e4 27. Nxe7 exd3 28. cxd3 Ne5 29. Re3 Rf8 30. c5 Rxf2 31. cxd6 Nf7 32. d7 Rf4 33. Re4 Rxe4 34. dxe4 Kf6 35. Nd5+ Ke6 36. Kd2 Kxd7 37. Nf6+ Ke6 38. Nxh7 Ke5 39. Ke3 b5 40. Nf8 g5 41. Nd7+ Kd6 42. Nf6 Ke5 43. Nd7+ Kd6 44. Nf6 Ke5 45. Nd5 a5 46. Ne7 Nd8 47. Nd5 1/2-1/2

[Event "ESP-ch U18"]
[Site "Salobrena"]
[Date "2019.07.22"]
[Round "1"]
[White "Navarro Rico, Lluis"]
[Black "Lianes Garcia, Marcos"]
[Result "0-1"]
[WhiteElo "1886"]
[BlackElo "2346"]
[PlyCount "66"]
[EventDate "2019.07.22"]
[EventType "swiss"]
[EventRounds "9"]
[EventCountry "ESP"]
[SourceTitle "CBM 191 Extra"]
[Source "ChessBase"]
[SourceDate "2019.09.30"]
[SourceVersion "1"]
[SourceVersionDate "2019.09.30"]
[SourceQuality "1"]

1. Nf3 c5 2. c4 g6 3. d4 Bg7 4. Nc3 Nf6 5. e4 Qa5 6. Nd2 cxd4 7. Nb3 Qb6 8. Nxd4 Nxe4 9. Be3 Nxc3 10. bxc3 Qa5 11. Qd2 Nc6 12. Be2 d6 13. 0-0 0-0 14. Rac1 Nxd4 15. Bxd4 Be6 16. Bxg7 Kxg7 17. Bf3 Rab8 18. Rfe1 b5 19. h4 bxc4 20. h5 Qc5 21. h6+ Kg8 22. a4 Rb6 23. Re2 Rfb8 24. Qe1 Qf5 25. Qd2 Qf6 26. Qe3 a5 27. Rce1 Kf8 28. Qc1 g5 29. Be4 Qxh6 30. Re3 g4 31. Qd1 Rb2 32. Bd5 Qf6 33. Rxe6 fxe6 0-1